Ładuje się......

Concomitants of records from cambanis type bivariate gamma distribution

Opis bibliograficzny
1. autor: Biju Thomas and Johny Scaria
Format: Journal Article
Wydane: SCIENCE & SOCIETY Vol.10 No. 1, 2012
LEADER 00417nam a22001097a 4500
100 |a Biju Thomas and  |a Johny Scaria  |9 19023 
245 |a Concomitants of records from cambanis type bivariate gamma distribution 
260 |b  SCIENCE & SOCIETY Vol.10 No. 1,  |c 2012 
300 |a p.45-52  |b  Vol.10 No. 1 JULY-DECEMBER 2012 
942 |c JA 
999 |c 73835  |d 73835 
952 |0 0  |1 0  |4 0  |7 0  |9 65799  |a MGUL  |b MGUL  |d 2015-08-06  |l 0  |r 2015-08-06  |w 2015-08-06  |y JA